书目信息 |
| 题名: |
经济学常识
|
|
| 作者: | ;中国青年出版社 编 | |
| 分册: | ||
| 出版信息: | 北京 中国青年出版社 1981.06 |
|
| 页数: | 244页 | |
| 开本: | 19cm | |
| 丛书名: | ||
| 单 册: | ||
| 中图分类: | F0 | |
| 科图分类: | ||
| 主题词: | 政治经济学 | |
| 电子资源: | ||
| ISBN: | ||
| 000 | 00716nam0 2200217 45 | |
| 001 | 0204140824 | |
| 005 | 20040424181902.9 | |
| 010 | @dCNY0.52 | |
| 091 | @a4009.71 | |
| 100 | @a20020414d1981 km y0chiy0120 ea | |
| 101 | 0 | @achi |
| 105 | @a z 000yy | |
| 200 | 1 | @a经济学常识@AJing Ji Xue Chang Shi@e政治经济学社会主义部分@EZheng Zhi Jing Ji Xue She Hui Zhu Yi BuFen@f本社编@FBen She Bian |
| 210 | @a北京@c中国青年出版社@d1981.06 | |
| 215 | @a244页@d19cm | |
| 517 | @a政治经济学社会主义部分@AZheng Zhi Jing Ji Xue She Hui Zhu Yi Bu Fen | |
| 606 | 0 | @a政治经济学 |
| 690 | @aF0@v3 | |
| 711 | 02 | @a中国青年出版社@AZhong Guo Qing Nian Chu Ban She@4编 |
| 801 | @aCN@bTSTC@c20020414 | |
| 905 | @dF0@e10@f4@b51010-013 | |
| 经济学常识:政治经济学社会主义部分/本社编.-北京:中国青年出版社,1981.06 |
| 244页;19cm |
| ISBN :CNY0.52 |
| ● |
| 相关链接 |
|
|
|
|
正题名:经济学常识
索取号:F0/10
 
预约/预借
| 序号 | 登录号 | 条形码 | 馆藏地/架位号 | 状态 | 备注 |
| 1 | 0051010 | 001265767 | 密集书库/ [索取号:F0/10] | 在馆 | |
| 2 | 0051011 | 001265721 | 密集书库/ [索取号:F0/10] | 在馆 | |
| 3 | 0051012 | 001264811 | 第一借阅区/ [索取号:F0/10] | 在馆 | |
| 4 | 0051013 | 001264857 | 第一样本阅览室/ [索取号:F0/10] | 在馆 | |
| 5 | 0051014 | 001791788 | 密集书库/ [索取号:F0/10] | 在馆 |